01154 2200349 4500001002100000005001500021035002000036007000300056008004100059020002200100040002200122082001500144084001700159090002200176100003200198245012900230250003500359300005900394650001500453700004700468700003500515850001200550504003400562264005000596336002100646337003000667338002300697999002200720990002200742990002000764990002000784INLIS00000000086007320220727021850 a0010-0521000654ta210520s2020 yoia g ind d a978-602-386-924-4 aYOPDYOGbinderda04223a612.12 a612.12 PRA l aCB-D.11 2020-32770 aPramudji Hastutiepengarang10aLipoprotein, apolipoprotein, dan sindrom metabolik /cPramudji Hastuti, Demes Chornelia Martatiningtyas, Maya Uzia Beandrade aCetakan pertama, Desember 2020 axvii, 127 halaman :bgambar, ilustrasi, tabel ;c23 cm 4aKolesterol0 aDemes Chornelia Martatiningtyasepengarang0 aMaya Uzia Beandradeepengarang aYOPDYOG aBibliografi : halaman 117-12531aSleman :bGadjah Mada University Press,c2020 2rdacontentateks 2rdamediaatanpa perantara 2rdacarrieravolume aCB-D.11/2020-3277 aCB-D.11/2020-3277 a44293-PD/B.2022 a44294-PD/B.2022